[Event "Montcalm 1 2021-22 Online"]
[Site "Quebec CAN"]
[Date "2021.10.21"]
[Round "3"]
[White "Dube, Daniel"]
[Black "Auger, Bertrand"]
[Result "1/2-1/2"]
[WhiteElo "1822"]
[BlackElo "1860"]
[PlyCount "51"]
[EventDate "2021.10.07"]
[EventType "tourn"]
[EventRounds "6"]
[EventCountry "CAN"]

1. Nf3 Nf6 2. g3 b6 3. Bg2 Bb7 4. c4 e6 5. d4 Bb4+ 6. Bd2 Be7 7. O-O O-O 8. Nc3
Ne4 9. Nxe4 Bxe4 10. Bc3 d5 11. Nd2 Bxg2 12. Kxg2 c5 13. Qa4 Nd7 14. cxd5 exd5
15. Nf3 Bf6 16. Rfd1 Re8 17. Qc6 Rxe2 18. Qxd5 Nf8 19. dxc5 Qxd5 20. Rxd5 Bxc3
21. bxc3 Rc2 22. cxb6 axb6 23. a4 Rxc3 24. Rb5 Rc4 25. Rxb6 Rcxa4 26. Rxa4
1/2-1/2

[Event "Montcalm 1 2021-22 Online"]
[Site "Quebec CAN"]
[Date "2021.10.21"]
[Round "3"]
[White "Dumont, Eric"]
[Black "Marquis, Paul"]
[Result "0-1"]
[WhiteElo "1772"]
[BlackElo "1954"]
[PlyCount "48"]
[EventDate "2021.10.07"]
[EventType "tourn"]
[EventRounds "6"]
[EventCountry "CAN"]

1. d4 Nf6 2. Bf4 d6 3. e3 g6 4. h3 Bg7 5. Nf3 O-O 6. Be2 Nbd7 7. O-O c6 8. c4
a6 9. Nc3 b5 10. Rc1 b4 11. Na4 Qa5 12. b3 e5 13. dxe5 dxe5 14. Bh2 Ne4 15. c5
Nc3 16. Nxc3 bxc3 17. Qd6 Qxa2 18. Bc4 Qa5 19. Qxc6 Ra7 20. Ng5 Rc7 21. Qf3
Nxc5 22. Ra1 Qb4 23. Qd1 Bf5 24. Ra4 Nxa4 0-1

[Event "Montcalm 1 2021-22 Online"]
[Site "Quebec CAN"]
[Date "2021.10.28"]
[Round "4"]
[White "Auger, Bertrand"]
[Black "Bolduc, Steve"]
[Result "0-1"]
[WhiteElo "1860"]
[BlackElo "2247"]
[PlyCount "60"]
[EventDate "2021.10.07"]
[EventType "tourn"]
[EventRounds "6"]
[EventCountry "CAN"]

1. Nf3 d5 2. g3 c5 3. Bg2 Nc6 4. d4 e6 5. O-O Nf6 6. c4 Be7 7. cxd5 exd5 8. Nc3
O-O 9. dxc5 Bxc5 10. Bg5 d4 11. Bxf6 Qxf6 12. Ne4 Qe7 13. Nxc5 Qxc5 14. Rc1 Qb6
15. Qd2 Be6 16. b3 h6 17. Rfd1 Rad8 18. Qf4 Rfe8 19. g4 Bd5 20. Rd2 Re4 21. Qg3
Re6 22. h4 Be4 23. Bh3 Bxf3 24. Qxf3 Re5 25. Rcd1 Rde8 26. Bg2 Qb4 27. Qd3 Qe7
28. h5 Qh4 29. Bxc6 bxc6 30. Qxd4 Re4 0-1

[Event "Montcalm 1 2021-22 Online"]
[Site "Quebec CAN"]
[Date "2021.10.28"]
[Round "4"]
[White "Marquis, Paul"]
[Black "Dube, Daniel"]
[Result "1/2-1/2"]
[WhiteElo "1954"]
[BlackElo "1822"]
[PlyCount "100"]
[EventDate "2021.10.07"]
[EventType "tourn"]
[EventRounds "6"]
[EventCountry "CAN"]

1. e4 d5 2. exd5 Qxd5 3. d4 Nf6 4. Nc3 Qd6 5. Nf3 c6 6. Be2 Bg4 7. Be3 e6 8.
Qd2 Be7 9. Bf4 Qd8 10. h3 Bf5 11. a3 Nbd7 12. O-O O-O 13. Bd3 Bxd3 14. Qxd3 Nb6
15. Rad1 Nfd5 16. Nxd5 cxd5 17. Bd2 Nc4 18. Qb3 b5 19. Bb4 Bxb4 20. axb4 a5 21.
bxa5 Rxa5 22. Qb4 Qd6 23. Qxd6 Nxd6 24. Ra1 Rfa8 25. Rxa5 Rxa5 26. Ne5 Ra2 27.
Rb1 f6 28. Nd3 Nc4 29. f4 Kf7 30. Kf2 Nd2 31. Rc1 Ke7 32. Ke3 Nc4+ 33. Ke2 Nxb2
34. Rb1 Nxd3 35. Kxd3 Ra3+ 36. c3 Ra5 37. Rb2 Kd6 38. Kc2 Kc6 39. Kb3 Ra4 40.
Re2 Kd6 41. Kb2 Rc4 42. Kb3 g6 43. Ra2 b4 44. Ra6+ Kc7 45. cxb4 Rxd4 46. Rxe6
Rxf4 47. Re7+ Kc6 48. Rxh7 Rf2 49. Rf7 g5 50. Kc3 Kd6 1/2-1/2

[Event "Montcalm 1 2021-22 Online"]
[Site "Quebec CAN"]
[Date "2021.10.28"]
[Round "4"]
[White "Sauve, Richard"]
[Black "Dumont, Eric"]
[Result "1-0"]
[WhiteElo "1967"]
[BlackElo "1772"]
[PlyCount "73"]
[EventDate "2021.10.07"]
[EventType "tourn"]
[EventRounds "6"]
[EventCountry "CAN"]

1. d4 d5 2. c4 c6 3. Nc3 g6 4. Nf3 Nf6 5. e3 Bg7 6. Be2 O-O 7. O-O dxc4 8. Bxc4
b5 9. Bd3 a5 10. Bd2 Ba6 11. Qc2 Nbd7 12. Rfd1 Nd5 13. Ne4 Bb7 14. a3 Qb8 15.
Rac1 Rc8 16. Qb3 Qa7 17. Neg5 e6 18. e4 Nc7 19. Nxf7 Kxf7 20. Ng5+ Ke7 21. Bxb5
h6 22. Bxc6 Bxc6 23. Rxc6 hxg5 24. Bxg5+ Bf6 25. Bf4 Rab8 26. Qg3 Kf7 27. Bxc7
Rxb2 28. Qd6 Nf8 29. Qf4 g5 30. Qd6 Be7 31. Qg3 Qxd4 32. Qf3+ Qf6 33. Qe3 Re8
34. Bxa5 Qf4 35. Qd4 Bxa3 36. Bc3 Re2 37. Qg7# 1-0

[Event "Montcalm 1 2021-22 Online"]
[Site "Quebec CAN"]
[Date "2021.11.03"]
[Round "5"]
[White "Bolduc, Steve"]
[Black "Marquis, Paul"]
[Result "1-0"]
[WhiteElo "2247"]
[BlackElo "1954"]
[PlyCount "75"]
[EventDate "2021.10.07"]
[EventType "tourn"]
[EventRounds "6"]
[EventCountry "CAN"]

1. d4 g6 2. c4 Nf6 3. Nc3 Bg7 4. e4 d6 5. Be2 O-O 6. Bg5 Na6 7. Qd2 e5 8. d5 c6
9. f3 cxd5 10. cxd5 Qa5 11. Rb1 Bd7 12. a3 Rfc8 13. Nb5 Qxd2+ 14. Kxd2 Bxb5 15.
Bxb5 Nc7 16. Bd3 a5 17. Ne2 Nd7 18. Nc3 Nc5 19. b3 Kf8 20. Bc4 f6 21. Be3 Ke7
22. Rhc1 Rcb8 23. b4 axb4 24. axb4 N5a6 25. Bf1 b5 26. g3 f5 27. Bd3 fxe4 28.
fxe4 Rb7 29. Rf1 Rf8 30. Rxf8 Bxf8 31. Kc2 Kd7 32. Kb3 Be7 33. Rf1 Ke8 34. Ra1
Nb8 35. Ra5 Bd8 36. Nxb5 Be7 37. Nxc7+ Rxc7 38. Ra8 1-0

[Event "Montcalm 1 2021-22 Online"]
[Site "Quebec CAN"]
[Date "2021.11.04"]
[Round "5"]
[White "Dube, Daniel"]
[Black "Sauve, Richard"]
[Result "1-0"]
[WhiteElo "1822"]
[BlackElo "1967"]
[PlyCount "51"]
[EventDate "2021.10.07"]
[EventType "tourn"]
[EventRounds "6"]
[EventCountry "CAN"]

1. e4 e6 2. d4 d5 3. e5 c5 4. c3 Nc6 5. Nf3 Qb6 6. Bd3 cxd4 7. O-O dxc3 8. Nxc3
Nge7 9. Re1 Ng6 10. h4 Be7 11. h5 Nf8 12. Be3 Qc7 13. Rc1 Bd7 14. a3 Rc8 15.
Nb5 Qb8 16. Bc5 Nxe5 17. Bxa7 Nxf3+ 18. Qxf3 Qa8 19. Bb6 Bc6 20. Nc7+ Rxc7 21.
Bxc7 Nd7 22. Qg3 Bf6 23. b4 Qa4 24. Bd6 Kd8 25. Rc2 Qxa3 26. b5 1-0

[Event "Montcalm 1 2021-22 Online"]
[Site "Quebec CAN"]
[Date "2021.11.04"]
[Round "5"]
[White "Fecteau, Martin"]
[Black "Auger, Bertrand"]
[Result "0-1"]
[WhiteElo "1912"]
[BlackElo "1860"]
[PlyCount "99"]
[EventDate "2021.10.07"]
[EventType "tourn"]
[EventRounds "6"]
[EventCountry "CAN"]

1. d4 Nf6 2. c4 e6 3. Nc3 Bb4 4. Qc2 Nc6 5. Nf3 O-O 6. e4 d6 7. a3 Bxc3+ 8.
bxc3 e5 9. Bd3 Bg4 10. Be3 Qd7 11. Nd2 Bh5 12. f3 Bg6 13. O-O-O a6 14. g4 Ne8
15. h4 f6 16. h5 Bf7 17. g5 fxg5 18. d5 Na5 19. Bxg5 h6 20. Be3 Nf6 21. Rdg1
Kh8 22. Bf1 Bxh5 23. Bh3 Qe8 24. c5 Qb5 25. Bf1 Qe8 26. cxd6 b5 27. dxc7 Qe7
28. Qb2 Qxc7 29. Kb1 Rab8 30. Ka1 Rfc8 31. Be2 Nc4 32. Bxc4 bxc4 33. Qa2 Qa5
34. Rc1 Qa4 35. Rb1 Rxb1+ 36. Rxb1 Be8 37. Bf2 Bb5 38. Qb2 Qa5 39. Qb4 Qc7 40.
a4 Bd7 41. Bb6 Qb8 42. Nxc4 Ne8 43. a5 Kg8 44. d6 Be6 45. Nxe5 Nxd6 46. Bc5 Nb5
47. Nd3 Qg3 48. Bd4 Qxf3 49. Qe7 Nxd4 50. cxd4 0-1

[Event "Montcalm 1 2021-22 Online"]
[Site "Quebec CAN"]
[Date "2021.11.11"]
[Round "6"]
[White "Dumont, Eric"]
[Black "Dube, Daniel"]
[Result "1/2-1/2"]
[WhiteElo "1772"]
[BlackElo "1822"]
[PlyCount "123"]
[EventDate "2021.10.07"]
[EventType "tourn"]
[EventRounds "6"]
[EventCountry "CAN"]

1. d4 Nf6 2. Bf4 g6 3. e3 Bg7 4. h3 O-O 5. Nf3 d6 6. Be2 c5 7. c3 Qb6 8. Qc1
cxd4 9. exd4 Bf5 10. Nbd2 Nc6 11. O-O Rfe8 12. Nc4 Qd8 13. Ne3 Be4 14. Nd2 Rc8
15. Qd1 e5 16. Nxe4 exf4 17. Nxf6+ Bxf6 18. Nd5 Bg5 19. Bf3 Ne7 20. Qb3 Nxd5
21. Bxd5 Qc7 22. Rae1 b6 23. Qb5 Rxe1 24. Rxe1 Be7 25. Qe2 Bg5 26. Qg4 Qd8 27.
Re4 Kg7 28. Qe2 h5 29. h4 Bh6 30. g3 Rc7 31. Re8 Qd7 32. Kh2 Qf5 33. Bb3 Qg4
34. Qxg4 hxg4 35. Bd5 f3 36. b3 Bd2 37. c4 Bc3 38. Re4 f5 39. Re6 Bxd4 40. Kg1
Be5 41. Re8 b5 42. Rg8+ Kh7 43. Re8 bxc4 44. bxc4 Bg7 45. Bg8+ Kh6 46. Bd5 Rc5
47. a4 Ra5 48. Bc6 Re5 49. Rxe5 Bxe5 50. Bd7 Bd4 51. Be6 Kg7 52. Bc8 Kf6 53.
Bb7 Ke5 54. Kf1 Bc3 55. Bd5 Kf6 56. Bb7 g5 57. h5 Be5 58. Bc8 Bc3 59. Bb7 Kg7
60. Bc8 Kh6 61. Bxf5 Kxh5 62. Bd7 1/2-1/2

[Event "Montcalm 1 2021-22 Online"]
[Site "Quebec CAN"]
[Date "2021.11.11"]
[Round "6"]
[White "Marquis, Paul"]
[Black "Fecteau, Martin"]
[Result "1/2-1/2"]
[WhiteElo "1954"]
[BlackElo "1912"]
[PlyCount "60"]
[EventDate "2021.10.07"]
[EventType "tourn"]
[EventRounds "6"]
[EventCountry "CAN"]

1. e4 c5 2. Nc3 Nc6 3. g3 g6 4. Bg2 Bg7 5. f4 e6 6. d3 d6 7. Be3 Nge7 8. Nge2
Nd4 9. O-O O-O 10. Qd2 Rb8 11. a4 a6 12. Bxd4 cxd4 13. Nd1 f5 14. Nf2 e5 15. c3
dxc3 16. bxc3 Be6 17. Rfb1 Nc6 18. exf5 gxf5 19. Nh3 h6 20. Qe3 Qd7 21. Rb6
Rfc8 22. Rab1 Rc7 23. c4 Qc8 24. Bd5 Bf7 25. Qf3 e4 26. Bxf7+ Rxf7 27. Qe3 Re7
28. Kg2 Qe8 29. d4 Na5 30. R1b4 Nc6 1/2-1/2

[Event "Montcalm 1 2021-22 Online"]
[Site "Quebec CAN"]
[Date "2021.11.11"]
[Round "6"]
[White "Sauve, Richard"]
[Black "Bolduc, Steve"]
[Result "0-1"]
[WhiteElo "1967"]
[BlackElo "2247"]
[PlyCount "116"]
[EventDate "2021.10.07"]
[EventType "tourn"]
[EventRounds "6"]
[EventCountry "CAN"]

1. d4 d5 2. c4 e6 3. Nc3 c5 4. cxd5 exd5 5. Nf3 Nc6 6. g3 Nf6 7. Bg2 Be7 8. O-O
O-O 9. Bg5 c4 10. Ne5 Be6 11. Nxc6 bxc6 12. Qc2 h6 13. Bf4 Rc8 14. b3 c5 15.
dxc5 Rxc5 16. b4 Rc8 17. a3 Bd6 18. Bxd6 Qxd6 19. Rfd1 Rfd8 20. e3 Qe5 21. Qd2
Bg4 22. Qd4 Qb8 23. Rd2 Ne4 24. Rc2 Bf5 25. Rcc1 Nxc3 26. Rxc3 Qb6 27. Qxb6
axb6 28. Rd1 Bd3 29. Bf1 Bxf1 30. Kxf1 b5 31. Rd4 f6 32. Ke2 Kf7 33. h4 h5 34.
Kf3 Ke6 35. Kf4 Ra8 36. e4 g5+ 37. Ke3 gxh4 38. exd5+ Rxd5 39. Rxh4 Rad8 40. a4
Re5+ 41. Re4 Rxe4+ 42. Kxe4 f5+ 43. Ke3 Kd5 44. axb5 Rb8 45. Kd2 Rxb5 46. Rf3
Rxb4 47. Rxf5+ Kd4 48. Rf4+ Kd5 49. Kc3 Rb3+ 50. Kc2 Kc5 51. Rf5+ Kb4 52. Rxh5
Rf3 53. Rh2 Ra3 54. g4 Ra2+ 55. Kb1 Re2 56. g5 Kb3 57. Kc1 c3 58. Rh1 Ra2 0-1

[Event "Montcalm 1 2021-22 Online"]
[Site "Quebec CAN"]
[Date "2021.11.18"]
[Round "7"]
[White "Auger, Bertrand"]
[Black "Marquis, Paul"]
[Result "1/2-1/2"]
[WhiteElo "1860"]
[BlackElo "1954"]
[PlyCount "106"]
[EventDate "2021.10.07"]
[EventType "tourn"]
[EventRounds "6"]
[EventCountry "CAN"]

1. Nf3 Nf6 2. g3 g6 3. b4 Bg7 4. Bb2 O-O 5. Bg2 d6 6. d3 c6 7. O-O a5 8. a3
axb4 9. axb4 Rxa1 10. Bxa1 Na6 11. c3 Nd5 12. d4 h6 13. Nbd2 Be6 14. e4 Nb6 15.
Qe2 Qd7 16. Rb1 Nc7 17. c4 Ra8 18. Qf1 d5 19. b5 Nxc4 20. Nxc4 dxc4 21. d5 cxd5
22. Bxg7 Kxg7 23. b6 dxe4 24. bxc7 exf3 25. Bxf3 Qxc7 26. Rxb7 Qc5 27. Rxe7 Ra2
28. Rb7 Qd4 29. Kg2 c3 30. Rc7 Rd2 31. Qe1 Bd5 32. Bxd5 Qxd5+ 33. Kh3 Qd4 34.
Qe3 Qxe3 35. fxe3 Rd3 36. e4 Kf6 37. Kg4 Ke5 38. Rc4 Re3 39. Kh3 g5 40. Kg2 Rd3
41. Kf2 Rd2+ 42. Ke3 Rxh2 43. Rxc3 Rh1 44. Rc5+ Kd6 45. Rd5+ Ke6 46. Ra5 Rb1
47. Kf3 Rb3+ 48. Kg4 Re3 49. Ra6+ Ke5 50. Rxh6 Kxe4 51. Rf6 Ke5 52. Rxf7 Ke6
53. Rf8 Rc3 1/2-1/2

[Event "Montcalm 1 2021-22 Online"]
[Site "Quebec CAN"]
[Date "2021.11.18"]
[Round "7"]
[White "Bolduc, Steve"]
[Black "Dumont, Eric"]
[Result "1-0"]
[WhiteElo "2247"]
[BlackElo "1772"]
[PlyCount "131"]
[EventDate "2021.10.07"]
[EventType "tourn"]
[EventRounds "6"]
[EventCountry "CAN"]

1. d4 d5 2. c4 c6 3. cxd5 cxd5 4. Nc3 Nf6 5. Bf4 e6 6. e3 a6 7. Rc1 Nc6 8. Bd3
Bd6 9. Bxd6 Qxd6 10. f4 O-O 11. Nf3 Bd7 12. O-O Rac8 13. Ne5 Ne7 14. g4 Bc6 15.
Qf3 b5 16. g5 Nd7 17. Qh3 f5 18. gxf6 Nxf6 19. Rc2 Rc7 20. a3 Bb7 21. Bxb5 Rxc3
22. Rxc3 axb5 23. Rfc1 Rc8 24. Qf1 Rxc3 25. Rxc3 Ba6 26. b4 Ne4 27. Rc2 Qb6 28.
Qc1 h6 29. Rc7 Nf5 30. Qc6 Qxc6 31. Rxc6 Bb7 32. Rc7 Ned6 33. Kf2 Kf8 34. Nd7+
Ke8 35. Nc5 Bc8 36. Ra7 Kd8 37. a4 bxa4 38. Nxa4 Nb5 39. Ra5 Nfd6 40. Nc5 Ke7
41. Ke2 Kd8 42. Kd3 Ke7 43. Ra1 Kf7 44. Kc2 Nc4 45. Ra8 Ncd6 46. Kb3 Ke7 47.
Ra1 Nc4 48. Rg1 Kf7 49. Rg3 Kf6 50. h4 Kf7 51. Nd3 Ncd6 52. Ne5+ Kf8 53. Ka4
Kg8 54. Ka5 Nc3 55. Rg2 Ndb5 56. Kb6 Kf8 57. h5 Nd6 58. Rc2 Ndb5 59. Rc1 Ke7
60. Rg1 Kf8 61. Kc6 Kg8 62. Ra1 Nxd4+ 63. exd4 Ne2 64. Ra8 Nxf4 65. Rxc8+ Kh7
66. b5 1-0

[Event "Montcalm 1 2021-22 Online"]
[Site "Quebec CAN"]
[Date "2021.11.18"]
[Round "7"]
[White "Fecteau, Martin"]
[Black "Sauve, Richard"]
[Result "1/2-1/2"]
[WhiteElo "1912"]
[BlackElo "1967"]
[PlyCount "82"]
[EventDate "2021.10.07"]
[EventType "tourn"]
[EventRounds "6"]
[EventCountry "CAN"]

1. d4 d5 2. c4 e6 3. cxd5 exd5 4. Bf4 Nf6 5. e3 c5 6. Nc3 Qb6 7. Qd2 cxd4 8.
exd4 Nc6 9. Bb5 Be7 10. Nge2 O-O 11. O-O Bf5 12. Bd3 Bxd3 13. Qxd3 Rfe8 14. b3
Rac8 15. Na4 Qa5 16. a3 a6 17. Bd2 Qd8 18. b4 Bd6 19. Ng3 Ne4 20. Nc5 Bxc5 21.
dxc5 Nxd2 22. Qxd2 d4 23. Nf5 Re5 24. Nd6 Rc7 25. Rfe1 f6 26. f4 Rxe1+ 27. Rxe1
Re7 28. Qa2+ Kf8 29. Rd1 Qd7 30. h3 Re3 31. Qc2 g6 32. Qc1 Qe7 33. Rf1 d3 34.
Qd2 Nd4 35. Nc4 Rg3 36. Kh2 Ne2 37. Rf3 Rxf3 38. gxf3 Nxf4 39. Qxf4 Qe2+ 40.
Kg1 Qe1+ 41. Kg2 Qe2+ 1/2-1/2

[Event "Montcalm 2 2020-21 Online"]
[Site "Quebec CAN"]
[Date "2021.01.07"]
[Round "1"]
[White "Bolduc, Steve"]
[Black "Dumont, Eric"]
[Result "1-0"]
[WhiteElo "2237"]
[BlackElo "1760"]
[PlyCount "85"]
[EventDate "2021.01.07"]
[EventType "swiss"]
[EventRounds "5"]
[EventCountry "CAN"]

1. d4 Nf6 2. c4 e6 3. Nf3 d5 4. Nc3 Bb4 5. Bg5 O-O 6. e3 Nbd7 7. cxd5 exd5 8.
Bd3 c5 9. O-O Bxc3 10. bxc3 Qa5 11. Qc2 h6 12. Bh4 Re8 13. Nd2 c4 14. Bf5 b5
15. Rfb1 Qa6 16. a4 bxa4 17. Rxa4 Qc6 18. Ra5 Nb6 19. Rc5 Bxf5 20. Qxf5 Qe6 21.
Qxe6 Rxe6 22. Ra5 g5 23. Bg3 Ne8 24. Kf1 f5 25. Be5 Nd7 26. Rxd5 Nxe5 27. dxe5
a5 28. Nxc4 a4 29. Na3 Nc7 30. Rc5 Ra7 31. f4 Rea6 32. g3 Ne6 33. Rc4 Kf7 34.
Ke2 Ra5 35. Rb6 Rd7 36. Rcc6 Rad5 37. Nc4 Rc5 38. Nd6+ Rxd6 39. Rxd6 Nc7 40.
Rdc6 Rxc6 41. Rxc6 Nd5 42. Kd3 a3 43. Ra6 1-0

[Event "Montcalm 2 2020-21 Online"]
[Site "Quebec CAN"]
[Date "2021.01.07"]
[Round "1"]
[White "Cote, Frederic"]
[Black "Auger, Bertrand"]
[Result "0-1"]
[WhiteElo "1637"]
[BlackElo "1907"]
[PlyCount "62"]
[EventDate "2021.01.07"]
[EventType "swiss"]
[EventRounds "5"]
[EventCountry "CAN"]

1. d4 Nf6 2. Nf3 b6 3. Bf4 e6 4. Nbd2 Bb7 5. e3 c5 6. Nc4 d5 7. Nce5 h6 8. h4
Nfd7 9. Bb5 a6 10. Nxf7 Kxf7 11. Bxb8 axb5 12. Ne5+ Nxe5 13. Bxe5 Bd6 14. Qh5+
Kg8 15. Qg6 Qe7 16. Bxg7 Qxg7 17. Qxe6+ Kh7 18. Qxd6 cxd4 19. Rh3 Rhd8 20. Qf4
dxe3 21. Rg3 exf2+ 22. Kf1 Qd7 23. Qd4 Rf8 24. Qd3+ Qf5 25. Qd4 Qf6 26. Qd3+
Kh8 27. Rg6 Qxh4 28. g4 Qh1+ 29. Ke2 Rae8+ 30. Kd2 Qe1+ 31. Rxe1 fxe1=Q# 0-1

[Event "Montcalm 2 2020-21 Online"]
[Site "Quebec CAN"]
[Date "2021.01.07"]
[Round "1"]
[White "Fecteau, Martin"]
[Black "Diotte, Jean-Raymond"]
[Result "1-0"]
[WhiteElo "1845"]
[BlackElo "1343"]
[PlyCount "81"]
[EventDate "2021.01.07"]
[EventType "swiss"]
[EventRounds "5"]
[EventCountry "CAN"]

1. d4 d5 2. c4 c6 3. Nf3 Nd7 4. Qc2 Ngf6 5. Bf4 e6 6. Nc3 Be7 7. e3 a6 8. h3
Nf8 9. Bd3 Bd6 10. Bxd6 Qxd6 11. O-O Ng6 12. a4 O-O 13. c5 Qc7 14. a5 e5 15.
Bxg6 fxg6 16. Nxe5 Bf5 17. Qe2 Nd7 18. f4 Nxe5 19. fxe5 Qe7 20. Rf4 Qg5 21. Kh2
Be6 22. Raf1 Rf5 23. g4 Rxf4 24. exf4 Qh4 25. f5 gxf5 26. gxf5 Bf7 27. Qg4 Qxg4
28. hxg4 Rf8 29. Kg3 h6 30. Rf4 Be8 31. Ne2 g6 32. f6 g5 33. Rf3 Bd7 34. Re3
Be6 35. Kf3 Rf7 36. Ng3 Kf8 37. Nh5 Rd7 38. Ng7 Kf7 39. Kg3 Rc7 40. Re2 Rd7 41.
Rh2 1-0

[Event "Montcalm 2 2020-21 Online"]
[Site "Quebec CAN"]
[Date "2021.01.07"]
[Round "1"]
[White "Oliver, Vance"]
[Black "Boudreau, Daniel"]
[Result "1/2-1/2"]
[WhiteElo "1674"]
[BlackElo "2018"]
[PlyCount "69"]
[EventDate "2021.01.07"]
[EventType "swiss"]
[EventRounds "5"]
[EventCountry "CAN"]

1. Nf3 Nf6 2. g3 e6 3. Bg2 c5 4. d3 d5 5. Nbd2 Nc6 6. O-O Bd6 7. e4 O-O 8. Re1
Qc7 9. c3 b6 10. Qe2 dxe4 11. dxe4 e5 12. Nc4 Ba6 13. Bg5 Be7 14. Rad1 Rad8 15.
b3 h6 16. Bc1 Rfe8 17. Nh4 Na5 18. Bf1 Nxc4 19. bxc4 Bc8 20. Bg2 Bf8 21. h3 g6
22. f4 Bb7 23. Rxd8 Rxd8 24. Bf3 Bg7 25. Qc2 Ne8 26. f5 g5 27. Ng2 Nd6 28. Ne3
Kf8 29. Ng4 f6 30. Ne3 Ba6 31. Qb3 Bb7 32. Qc2 Qc6 33. Qd3 Qa4 34. Re2 Ba6 35.
Rd2 1/2-1/2

[Event "Montcalm 2 2020-21 Online"]
[Site "Quebec CAN"]
[Date "2021.01.07"]
[Round "1"]
[White "Sauve, Richard"]
[Black "Servant, Michel"]
[Result "1-0"]
[WhiteElo "1921"]
[BlackElo "1661"]
[PlyCount "73"]
[EventDate "2021.01.07"]
[EventType "swiss"]
[EventRounds "5"]
[EventCountry "CAN"]

1. d4 d5 2. c4 c6 3. Nc3 Nf6 4. e3 Bf5 5. Nf3 e6 6. Bd3 Bg6 7. O-O Nbd7 8. Qc2
dxc4 9. Bxg6 hxg6 10. e4 Qc7 11. Bg5 Bb4 12. Rad1 Bxc3 13. bxc3 Kf8 14. a4 a6
15. Ra1 a5 16. Rfb1 Re8 17. Bxf6 gxf6 18. Qe2 g5 19. h3 e5 20. Qxc4 exd4 21.
Qxd4 Ne5 22. Qc5+ Kg7 23. Nd4 Kg6 24. Nb5 Nf3+ 25. gxf3 Qf4 26. Qf5+ Qxf5 27.
exf5+ Kg7 28. Nd6 Rd8 29. Nxb7 Rd3 30. Kg2 Rxc3 31. Nxa5 Rc5 32. Nb7 Rxf5 33.
a5 Rb5 34. a6 Rxb1 35. Rxb1 Ra8 36. Nc5 Kf8 37. Rb6 1-0

[Event "Montcalm 2 2020-21 Online"]
[Site "Quebec CAN"]
[Date "2021.01.14"]
[Round "2"]
[White "Auger, Bertrand"]
[Black "Bolduc, Steve"]
[Result "0-1"]
[WhiteElo "1907"]
[BlackElo "2237"]
[PlyCount "50"]
[EventDate "2021.01.07"]
[EventType "swiss"]
[EventRounds "5"]
[EventCountry "CAN"]

1. c4 e6 2. Nf3 d5 3. g3 g6 4. d4 Bg7 5. Bg5 Ne7 6. Bg2 h6 7. Bf4 Nbc6 8. O-O
O-O 9. Qc1 Nf5 10. Nc3 g5 11. Be5 f6 12. cxd5 exd5 13. Bxc7 Qxc7 14. Nxd5 Qf7
15. Nc7 Qxc7 16. d5 Qf7 17. dxc6 bxc6 18. Rd1 g4 19. Ne1 Be6 20. e4 Ne7 21. Nd3
f5 22. Nf4 fxe4 23. Bxe4 Bd5 24. Qc2 Bxe4 25. Qxe4 Nd5 0-1

[Event "Montcalm 2 2020-21 Online"]
[Site "Quebec CAN"]
[Date "2021.01.14"]
[Round "2"]
[White "Boudreau, Daniel"]
[Black "Fecteau, Martin"]
[Result "1/2-1/2"]
[WhiteElo "2018"]
[BlackElo "1845"]
[PlyCount "70"]
[EventDate "2021.01.07"]
[EventType "swiss"]
[EventRounds "5"]
[EventCountry "CAN"]

1. e4 c5 2. Nf3 Nc6 3. Bb5 g6 4. O-O Bg7 5. Re1 e6 6. Bxc6 dxc6 7. d3 Ne7 8.
Nc3 e5 9. Be3 b6 10. Qd2 O-O 11. h3 Qd6 12. Bh6 f6 13. Bxg7 Kxg7 14. a4 a5 15.
Nd1 Be6 16. b3 Rfd8 17. Ne3 h5 18. Qc3 Qc7 19. Rf1 g5 20. Kh2 Ng6 21. g3 Rh8
22. h4 Bg4 23. Nf5+ Kh7 24. Nd2 gxh4 25. Nxh4 Nxh4 26. gxh4 Rhg8 27. Rg1 Rg7
28. Rg3 Rag8 29. Rag1 Bc8 30. Nf1 Qd7 31. Qd2 Rxg3 32. Rxg3 Rxg3 33. fxg3 Qh3+
34. Kg1 Kg6 35. Qf2 Qd7 1/2-1/2

[Event "Montcalm 2 2020-21 Online"]
[Site "Quebec CAN"]
[Date "2021.01.14"]
[Round "2"]
[White "Diotte, Jean-Raymond"]
[Black "Cote, Frederic"]
[Result "1-0"]
[WhiteElo "1343"]
[BlackElo "1637"]
[PlyCount "69"]
[EventDate "2021.01.07"]
[EventType "swiss"]
[EventRounds "5"]
[EventCountry "CAN"]

1. e4 d6 2. d4 Nf6 3. Nc3 Nbd7 4. Bg5 h6 5. Bd2 e5 6. d5 c6 7. Bd3 Qc7 8. Qe2
Be7 9. Nf3 a6 10. h3 c5 11. a4 Nf8 12. O-O-O Bd7 13. Kb1 Rb8 14. Nh4 Bd8 15. b3
Rg8 16. Nf5 b5 17. axb5 a5 18. Bc4 Bxf5 19. exf5 N8d7 20. g4 Nb6 21. Bd3 Qa7
22. Ne4 Nfxd5 23. Nxd6+ Kf8 24. Qxe5 Bf6 25. Qe4 a4 26. Rhe1 Be7 27. Nc4 axb3
28. cxb3 Nxc4 29. Qxd5 Ra8 30. Bxc4 Qa2+ 31. Kc1 Qa1+ 32. Kc2 Qa2+ 33. Kd3 Rd8
34. Ra1 Rxd5+ 35. Bxd5 1-0

[Event "Montcalm 2 2020-21 Online"]
[Site "Quebec CAN"]
[Date "2021.01.14"]
[Round "2"]
[White "Dumont, Eric"]
[Black "Oliver, Vance"]
[Result "1-0"]
[WhiteElo "1760"]
[BlackElo "1674"]
[PlyCount "67"]
[EventDate "2021.01.07"]
[EventType "swiss"]
[EventRounds "5"]
[EventCountry "CAN"]

1. d4 Nf6 2. Bf4 d5 3. e3 e6 4. Nf3 Bd6 5. Bxd6 Qxd6 6. Bd3 b6 7. O-O Ba6 8.
Re1 O-O 9. Nc3 c5 10. Nb5 Bxb5 11. Bxb5 a6 12. Ba4 b5 13. dxc5 Qxc5 14. Bb3
Nbd7 15. c3 Ne4 16. Bc2 f5 17. Nd4 Qd6 18. Bb3 Kh8 19. Nxe6 Qxe6 20. Bxd5 Qe7
21. Bxa8 Rxa8 22. Qd5 Rf8 23. Qb7 Qe6 24. Rad1 Ndf6 25. f3 Nc5 26. Qc7 Nce4 27.
fxe4 Nxe4 28. Rd7 Qg6 29. Red1 Qh6 30. Qf4 Qf6 31. R1d5 g5 32. Qe5 Kg8 33. Re7
Qg6 34. Qe6+ 1-0

[Event "Montcalm 2 2020-21 Online"]
[Site "Quebec CAN"]
[Date "2021.01.14"]
[Round "2"]
[White "Genest, Dominic"]
[Black "Sauve, Richard"]
[Result "1/2-1/2"]
[WhiteElo "1786"]
[BlackElo "1921"]
[PlyCount "78"]
[EventDate "2021.01.07"]
[EventType "swiss"]
[EventRounds "5"]
[EventCountry "CAN"]

1. c4 e6 2. g3 d5 3. Bg2 Nf6 4. Nf3 Be7 5. O-O O-O 6. b3 c5 7. d3 Nc6 8. Nbd2
d4 9. a3 e5 10. Qc2 h6 11. e4 Bg4 12. h3 Be6 13. Nh2 Qd7 14. h4 Bh3 15. f4 exf4
16. gxf4 Bxg2 17. Kxg2 Ng4 18. Ndf3 Nxh2 19. Kxh2 Qg4 20. Qg2 Qxg2+ 21. Kxg2 a5
22. Bd2 b6 23. Kh3 Rae8 24. Rg1 Bd6 25. Rg2 Kh7 26. Rag1 Rg8 27. f5 Ne5 28.
Nxe5 Bxe5 29. Rg4 Rd8 30. h5 Ra8 31. a4 Rac8 32. Be1 Rc6 33. Bg3 Bxg3 34. Kxg3
f6 35. Kf4 Rc7 36. Re1 Re8 37. Rg2 Re5 38. Rg6 Kh8 39. Reg1 Kh7 1/2-1/2

[Event "Montcalm 2 2020-21 Online"]
[Site "Quebec CAN"]
[Date "2021.01.21"]
[Round "3"]
[White "Bolduc, Steve"]
[Black "Sauve, Richard"]
[Result "1-0"]
[WhiteElo "2237"]
[BlackElo "1921"]
[PlyCount "47"]
[EventDate "2021.01.07"]
[EventType "swiss"]
[EventRounds "5"]
[EventCountry "CAN"]

1. c4 Nf6 2. g3 e6 3. Bg2 d5 4. Nf3 Be7 5. O-O O-O 6. b3 c5 7. e3 Nc6 8. Bb2
Qc7 9. Nc3 dxc4 10. bxc4 Rd8 11. Qe2 e5 12. d4 Bg4 13. h3 Bxf3 14. Bxf3 cxd4
15. Nd5 Nxd5 16. cxd5 Nb4 17. exd4 exd4 18. Bxd4 Nc2 19. Be5 Bd6 20. Bxd6 Rxd6
21. Rac1 Rc8 22. Kg2 Qc4 23. Rfd1 Qxa2 24. Rd2 1-0